<?xml version="1.0" encoding="UTF-8"?>
<marc:record xmlns:marc="http://www.loc.gov/MARC21/slim">
   <marc:leader>00000nam a2200000 a 4500</marc:leader>
   <marc:datafield ind1="1" ind2=" " tag="100">
      <marc:subfield code="a">Beushausen, Ulla</marc:subfield>
      <marc:subfield code="4">ctb</marc:subfield>
      <marc:subfield code="e">Mitwirkende/-r</marc:subfield>
   </marc:datafield>
   <marc:datafield ind1=" " ind2=" " tag="653">
      <marc:subfield code="a">Sprechstörung</marc:subfield>
   </marc:datafield>
   <marc:datafield ind1=" " ind2=" " tag="653">
      <marc:subfield code="a">Logopädie</marc:subfield>
   </marc:datafield>
   <marc:datafield ind1=" " ind2=" " tag="653">
      <marc:subfield code="a">Therapieplan</marc:subfield>
   </marc:datafield>
   <marc:datafield ind1=" " ind2=" " tag="653">
      <marc:subfield code="a">Softcover / Medizin/Medizinische Fachberufe</marc:subfield>
   </marc:datafield>
   <marc:datafield ind1=" " ind2=" " tag="653">
      <marc:subfield code="a">E-Book</marc:subfield>
   </marc:datafield>
   <marc:datafield ind1=" " ind2=" " tag="653">
      <marc:subfield code="a">Fallstudiensammlung</marc:subfield>
   </marc:datafield>
   <marc:datafield ind1="0" ind2="0" tag="245">
      <marc:subfield code="a">Therapeutische Entscheidungsfindung in der Sprachtherapie</marc:subfield>
   </marc:datafield>
   <marc:datafield ind1="0" ind2="0" tag="245">
      <marc:subfield code="b">Grundlagen und 14 Fallbeispiele</marc:subfield>
   </marc:datafield>
   <marc:datafield ind1="0" ind2="0" tag="245">
      <marc:subfield code="c">Ulla Beushausen. Unter Mitarb. von Wenke Walther. Mit Beitr. von Agathe Burek ...</marc:subfield>
   </marc:datafield>
   <marc:datafield ind1=" " ind2="1" tag="264">
      <marc:subfield code="a">München</marc:subfield>
      <marc:subfield code="b">Elsevier, Urban &amp; Fischer</marc:subfield>
      <marc:subfield code="c">2009</marc:subfield>
   </marc:datafield>
   <marc:datafield ind1="1" ind2=" " tag="520">
      <marc:subfield code="a">Angaben aus der Verlagsmeldung

Therapeutische Entscheidungsfindung in der Sprachtherapie : Grundlagen und 14 Fallbeispiele / von Ulla Beushausen, Agathe Burek

Wie können Sie Ihre therapeutischen Entscheidungen strukturieren und objektivieren?
Dieses Buch bietet Ihnen den perfekten Einstieg in die therapeutische Entscheidungsfindung in der Sprachtherapie/Logopädie und eine Fülle an Hilfen und Angeboten, um Ihre therapeutische Vorgehensweise zu verbessern. Konkrete Anleitungen zur Reflexion unterstützen Sie bei allen Entscheidungen, die tagtäglich in Diagnostik, Therapie und Beratung getroffen werden müssen.
theoretische Grundlagen knapp und interessant dargestellt: z.B. mentale Prozesse sowie Kategorien, Methoden und Modelle klinischer Entscheidungsfindung
praktische Umsetzung: 14 Fallbeispiele aus den Bereichen Aphasie, Sprachentwicklungsstörungen (SES), Dysphagie etc.
Ein hochwertiges Buch für alle Sprachtherapeuten mit dem Anspruch, professionee Entscheidungen zu treffen
</marc:subfield>
   </marc:datafield>
   <marc:datafield ind1=" " ind2=" " tag="020">
      <marc:subfield code="a">9783437484704</marc:subfield>
      <marc:subfield code="9">9783437484704</marc:subfield>
   </marc:datafield>
   <marc:datafield ind1=" " ind2=" " tag="041">
      <marc:subfield code="a">ger</marc:subfield>
   </marc:datafield>
   <marc:datafield ind1=" " ind2=" " tag="300">
      <marc:subfield code="a">358 S.</marc:subfield>
   </marc:datafield>
</marc:record>
